V.I.Lênin toàn tập T.4 1898- tháng Tư 1901

Na minha lista:
Detalhes bibliográficos
Formato: Livro
Publicado em: Hà Nội Chính trị quốc gia 2005
Assuntos:
Tags: Adicionar Tag
Sem tags, seja o primeiro a adicionar uma tag!
Thư viện lưu trữ: Trung tâm Học liệu Lê Vũ Hùng, Trường Đại học Đồng Tháp
LEADER 00701pam a22002298a 4500
001 00036854
005 20171026081023.0
008 170331s2005 ||||||Viesd
020 |c 78000 
041 0 # |a Vie 
082 1 4 |a 335.43  |b V000I 
245 0 0 |a V.I.Lênin toàn tập  |n T.4  |p 1898- tháng Tư 1901 
260 # # |a Hà Nội  |b Chính trị quốc gia  |c 2005 
300 # # |a 708 tr.  |c 21 cm. 
653 # # |a Chính trị 
653 # # |a Tiểu sử 
653 # # |a Lênin  |a Sự nghiệp  |a Cách mạng 
852 # # |b Kho đọc  |j KD.0019744 
852 # # |j KD.0019744 
910 |d 31/03/2017 
980 # # |a Trung tâm Học liệu Lê Vũ Hùng, Trường Đại học Đồng Tháp